Ipolynyéki krónika

Bibliographic Details
Main Author: Hübschné Dráfi, Anikó (Author)
Format: Article
Language:Hungarian
PhysicalDescription:Fotogr.
ISSN:1335-938X
Subjects:

MARC

LEADER 00000nab a2200000 ar4500
001 vtls009154975
003 SK-MaSNL
005 20260319071214.0
008 070808c2007 xo |||||||| 000 b|hun
015 |a SNBRB2007/08  |2 snkbucl 
038 |a SNKBUCL 
040 |a DSZK  |b slo  |c DSZK  |e AACR2 
041 0 |a hun 
044 |a xo  |c SK 
080 |a 332.1  |x (437.6)  |2 1997 
080 |a 908  |x (437.6)  |2 1997 
100 1 |a Hübschné Dráfi, Anikó  |4 aut  |9 18497 
245 1 0 |a Ipolynyéki krónika  |c Hübschné Dráfi Anikó 
300 |b Fotogr. 
650 0 7 |a regionálny rozvoj  |z Vinica (Slovensko)  |2 snkbucl  |9 1062791 
651 7 |a Vinica (Slovensko)  |2 snkbucl  |9 79860 
773 0 |t Új nő  |g Sz. 7 (2007), o. 34-37  |x 1335-938X 
852 |a SNK  |b KIS3GCP 
852 |a DSZK  |b KIS3GCP 
958 |a HU 
958 |a SK 
999 |c 1746613  |d 1748543